England National Football Team Opponents 2000-2009 - Statistics

General Stats
  • This quiz has been taken 19 times
  • The average score is 98 of 117
Answer Stats
Modern Confederation Year + Result Country % Correct
CONMEBOL 2000 0-0 D | 2002 1-0 W | 2005 3-2 W Argentina
100%
CONMEBOL 2000 1-1 D | 2002 2-1 L | 2007 1-1 D | 2009 1-0 L Brazil
100%
UEFA 2000 1-1 D | 2004 2-1 L | 2008 1-0 L France
100%
UEFA 2000 1-0 L | 2000 1-0 W | 2001 5-1 W | +2 others Germany
100%
UEFA 2000 1-0 L | 2002 2-1 L Italy
100%
UEFA 2000 3-2 L | 2002 1-1 D | 2004 1-1 D | +2 others Portugal
100%
UEFA 2001 3-0 W | 2004 1-0 L | 2007 1-0 L | 2009 2-0 L Spain
100%
UEFA 2001 1-1 D | 2002 1-1 D | 2004 1-0 L | 2006 2-2 D Sweden
100%
CONCACAF 2005 2-1 W | 2008 2-0 W USA
100%
CONMEBOL 2005 3-2 W Colombia
94%
UEFA 2003 3-1 W | 2004 4-2 W | 2006 2-0 L | +3 others Croatia
94%
UEFA 2008 2-2 D Czech Republic
94%
UEFA 2002 3-0 W | 2003 3-2 L | 2005 4-1 L Denmark
94%
UEFA 2004 2-1 W | 2005 2-1 W Poland
94%
UEFA 2007 2-1 L | 2007 3-0 W Russia
94%
UEFA 2002 2-1 W | 2003 2-1 W | 2009 4-0 W Slovakia
94%
UEFA 2003 0-0 D | 2003 2-0 W Turkey
94%
UEFA 2000 2-0 W | 2004 3-0 W | 2009 1-0 L | 2009 2-1 W Ukraine
94%
AFC 2003 3-1 L Australia
88%
UEFA 2000 0-0 D | 2001 2-1 W Finland
88%
UEFA 2006 3-1 W Hungary
88%
CONCACAF 2001 4-0 W Mexico
88%
UEFA 2001 2-0 L | 2002 1-1 D | 2005 0-0 D | +2 others Netherlands
88%
UEFA 2000 3-2 L Romania
88%
UEFA 2009 2-1 W Slovenia
88%
UEFA 2004 3-0 W | 2008 2-1 W Switzerland
88%
UEFA 2004 2-0 W | 2005 1-0 W Wales
88%
UEFA 2001 2-0 W | 2001 2-2 D | 2006 4-0 W Greece
81%
AFC 2004 1-1 D Japan
81%
UEFA 2005 1-0 L | 2005 4-0 W Northern Ireland
81%
UEFA 2006 5-0 W | 2007 3-0 W | 2008 2-0 W | 2009 6-0 W Andorra
75%
UEFA 2004 2-2 D | 2005 1-0 W | 2007 1-0 W Austria
75%
CONMEBOL 2006 1-0 W Ecuador
75%
UEFA 2004 6-1 W Iceland
75%
AFC 2002 1-1 D South Korea
75%
UEFA 2001 2-0 W | 2001 3-1 W Albania
69%
UEFA 2008 3-1 W | 2009 3-0 W Belarus
69%
CAF 2002 2-2 D Cameroon
69%
CAF 2002 0-0 D Nigeria
69%
CONCACAF 2006 2-0 W | 2008 3-0 W Trinidad and Tobago
69%
CONMEBOL 2006 2-1 W Uruguay
69%
UEFA 2007 3-0 W Estonia
63%
CONCACAF 2006 6-0 W Jamaica
63%
CONMEBOL 2002 4-0 W | 2006 1-0 W Paraguay
63%
CAF 2003 2-1 W South Africa
63%
UEFA 2003 2-0 W Liechtenstein
56%
UEFA 2002 2-2 D | 2003 2-1 W | 2006 0-0 D | 2006 1-0 W Macedonia
56%
UEFA 2000 2-1 W Malta
56%
UEFA 2007 0-0 D | 2007 3-0 W Israel
44%
UEFA 2004 1-0 W | 2005 2-0 W Azerbaijan
38%
UEFA 2008 5-1 W | 2009 4-0 W Kazakhstan
38%
UEFA 2003 2-1 W Serbia and Montenegro
38%
No matching quizzes found
Score Distribution
Percent of People with Each Score
Percentile by Number Answered
Your Score History
You have not taken this quiz